00658nam a2200205Ia 4500003000900000008004100009020001800050040001600068080002300084110003200107245007700139260003500216300001800251650004100269650001200310650000900322942000700331999001500338952009900353IN-BaIIA211028s9999 xx 000 0 eng d a0-08-026314-3 cIIA Library a063:523.34b11LC-3 aThe Lunar Science Institute 0aPhysical ProcessescThe Lunar Science Institute  aNew YorkbPergamon Pressc1980 aix,1777-2502p aAstronomy and Astrophysics Thesaurus aGeology aMoon cBK c7017d7017 00104070aBANbBANcGENd1982-02-16l0o063:523.34/ 11LC-3p7793r2021-11-05w1982-02-16yBK